000 00670nam a2200181 i 4500
001 70904
003 ES-MaACL
007 t|
008 040804s1983 sp ||||1| spa d
100 1 _aGarulo, Teresa.
_955798
245 1 4 _aLos arabismos en el léxico andaluz
_b: (según los datos del Atlas lingüístico y Etnográfico de Andalucia) /
_cTeresa Garulo.
260 _a[Córdoba :
_bDiputación Provincial de Córdoba, Instituto Hispano-Arabe de Cultura,
_c1983]
300 _a320 p., 84 lám. ;
_c24 cm.
490 1 _aEstudios cordobeses ;
_v29
830 0 _aEstudios cordobeses ;
_v29
_9182336
852 _aES-MaACL
_jL-5571
_bR.106125
999 _c70904
_d70904